| 000 | 01126 am a2200289ui 4500 | ||
|---|---|---|---|
| 999 |
_c28692 _d28663 |
||
| 001 | 011945482 | ||
| 003 | EG-ScBUE | ||
| 005 | 20200908135124.0 | ||
| 008 | 790802s1977 nyuab f b 001 0 eng d | ||
| 020 | _a0195021452 (pbk) | ||
| 040 |
_aUk _beng _erda _cUk _dEG-ScBUE |
||
| 082 | 0 | 4 |
_a301.540971 _bMIC _222 |
| 100 | 1 |
_aMichelson, William M. _q(William Michael), _d1940- _eauthor. |
|
| 245 | 1 | 0 |
_aEnvironmental choice, human behaviour, and residential satisfaction / _cWilliam Michelson, University of Toronto. |
| 264 | 1 |
_aNew York : _bOxford University Press, _c1977. |
|
| 300 |
_axix, 403 pages : _billustrations, maps ; _c23 cm |
||
| 336 |
_atext _2rdacontent _btxt |
||
| 337 |
_aunmediated _2rdamedia _bn |
||
| 338 |
_avolume _2rdacarrier _bnc |
||
| 504 | _aIncludes bibliographical references and index. | ||
| 650 | 7 |
_aResidential mobility. _2BUEsh |
|
| 653 |
_aResidences _aLocation _aChoice by residents _arelated to _aattitudes to residential areas _bEENERGYY _cAugust2020 |
||
| 655 |
_vReading book _934232 |
||
| 942 |
_2ddc _cBB |
||